Educational management (Record no. 9309)

MARC details
000 -LEADER
fixed length control field 00484cam a2200181ua 4500
001 - CONTROL NUMBER
control field 10323
005 - DATE AND TIME OF LATEST TRANSACTION
control field 20260515114616.0
008 - FIXED-LENGTH DATA ELEMENTS--GENERAL INFORMATION
fixed length control field 180329n ii |||gr||||Z||||||eng
040 ## - CATALOGING SOURCE
Transcribing agency MAIN
082 ## - DEWEY DECIMAL CLASSIFICATION NUMBER
Classification number 371
100 ## - MAIN ENTRY--PERSONAL NAME
Personal name Bhatnagar, S.S.,
Relator term Author.
245 ## - TITLE STATEMENT
Title Educational management
Statement of responsibility, etc. By S.S. Bhatnagar
260 ## - PUBLICATION, DISTRIBUTION, ETC.
Place of publication, distribution, etc. Meerut:
Name of publisher, distributor, etc. R. Lall book depot,
Date of publication, distribution, etc. 2013.
300 ## - PHYSICAL DESCRIPTION
Extent 536p.
653 ## - INDEX TERM--UNCONTROLLED
Uncontrolled term Schools & their activities special education
700 ## - ADDED ENTRY--PERSONAL NAME
Personal name Gupta, P.K.,
Relator term Author.
942 ## - ADDED ENTRY ELEMENTS (KOHA)
Koha item type Books
Holdings
Withdrawn status Lost status Damaged status Not for loan Home library Current library Shelving location Date acquired Total checkouts Full call number Barcode Date last seen Date last checked out Copy number Price effective from Koha item type
        Naharkatiya College Library Naharkatiya College Library General stacks 09/19/2020 1 371 | BHA 25365 05/09/2022 04/25/2022 1 09/19/2020 Books